PPPCom (Record no. 85444)

MARC details
000 -LEADER
fixed length control field 01077cam a22002535a 4500
001 - CONTROL NUMBER
control field L139904
008 - FIXED-LENGTH DATA ELEMENTS--GENERAL INFORMATION
fixed length control field 070820s2003 xxk f 000 0 eng d
020 ## - INTERNATIONAL STANDARD BOOK NUMBER
International Standard Book Number 0860176177
035 ## - SYSTEM CONTROL NUMBER
System control number (Sirsi) u139904
041 0# - LANGUAGE CODE
Language code of text/sound track or separate title eng
050 04 - LIBRARY OF CONGRESS CALL NUMBER
Classification number 336.39 $2 18
110 2# - MAIN ENTRY--CORPORATE NAME
Corporate name or jurisdiction name as entry element Construction Industry Research and Information Association
9 (RLIN) 4810
245 00 - TITLE STATEMENT
Title PPPCom
Remainder of title the integrated risk and value management toolkit for public private partnerships
Medium [electronic resource]
260 ## - PUBLICATION, DISTRIBUTION, ETC.
Place of publication, distribution, etc. London
Name of publisher, distributor, etc. CIRIA
Date of publication, distribution, etc. 2003
300 ## - PHYSICAL DESCRIPTION
Extent 1
Type of unit CD-ROM
490 #0 - SERIES STATEMENT
Series statement CIRIA
Volume/sequential designation C617
505 2# - FORMATTED CONTENTS NOTE
Formatted contents note Introduction -- Risk and value in PPP -- PPP Process phases -- Understaing, optimising and communicating your risks (risk tool) -- Case studies -- Background reading -- Further guidance -- Software help
520 ## - SUMMARY, ETC.
Summary, etc. Online tool to create a better appreciation and understanding of the risk and value issues when considering PPP projects.
650 24 - SUBJECT ADDED ENTRY--TOPICAL TERM
Topical term or geographic name entry element PUBLIC PRIVATE PARTNERSHIPS
650 24 - SUBJECT ADDED ENTRY--TOPICAL TERM
Topical term or geographic name entry element PRIVATE FINANCE INITIATIVE
651 #4 - SUBJECT ADDED ENTRY--GEOGRAPHIC NAME
Geographic name United Kingdom
Chronological subdivision
690 ## - LOCAL SUBJECT ADDED ENTRY--TOPICAL TERM (OCLC, RLIN)
Topical term or geographic name as entry element MANAGEMENT-BUSINESS MANAGEMENT
942 ## - ADDED ENTRY ELEMENTS (KOHA)
Suppress in OPAC 0
Holdings
Withdrawn status Lost status Source of classification or shelving scheme Damaged status Not for loan Home library Current library Shelving location Date acquired Total Checkouts Full call number Barcode Date last seen Copy number Price effective from Koha item type
    Dewey Decimal Classification     London London Enquiry desk 20/08/2007   CD-ROM BOX 30072255 06/08/2019 1 06/08/2019 Book